Electricity from renewable sources to double (Record no. 38072)

MARC details
000 -LEADER
fixed length control field 01185cab a2200265 4500
001 - CONTROL NUMBER
control field WB3101-24
008 - FIXED-LENGTH DATA ELEMENTS--GENERAL INFORMATION
fixed length control field 090401t1994 xxu||||| |||| 00| 0 eng d
035 ## - SYSTEM CONTROL NUMBER
System control number (Sirsi) u61449
041 ## - LANGUAGE CODE
Language code of text/sound track or separate title eng
245 ## - TITLE STATEMENT
Title Electricity from renewable sources to double
260 ## - PUBLICATION, DISTRIBUTION, ETC.
Date of publication, distribution, etc. 1994
350 ## - PRICE (NR) (BK AM CF MU VM SE) [OBSOLETE]
Price 0
490 ## - SERIES STATEMENT
Series statement Financial Times
Volume/sequential designation 21 December 1994, 6
490 ## - SERIES STATEMENT
Series statement Guardian
Volume/sequential designation 21 December 1994, 6
490 ## - SERIES STATEMENT
Series statement National Farmers Union News
Volume/sequential designation 21 December 1994, (5)
490 ## - SERIES STATEMENT
Series statement Department of Trade and Industry Press Notice
Volume/sequential designation (P/94/782) 20 December 1994, (11)
520 ## - SUMMARY, ETC.
Summary, etc. The latest round in the Non-fossil Fuel Obligation scheme approved 141 renewable projects in England and Wales and 30 in Scotland doubling the electricity to be generated from renewable sources. Farmers will be encouraged to grow trees on surplus farmland to provide fuel for wood-burning power stations. Graph illustrates the types of renewable energy projects in the UK.
650 ## - SUBJECT ADDED ENTRY--TOPICAL TERM
Topical term or geographic name entry element COPPICING
650 ## - SUBJECT ADDED ENTRY--TOPICAL TERM
Topical term or geographic name entry element ELECTRICITY GENERATION
650 ## - SUBJECT ADDED ENTRY--TOPICAL TERM
Topical term or geographic name entry element NON-FOSSIL FUEL OBLIGATION
650 ## - SUBJECT ADDED ENTRY--TOPICAL TERM
Topical term or geographic name entry element RENEWABLE ENERGY SOURCES
690 ## - LOCAL SUBJECT ADDED ENTRY--TOPICAL TERM (OCLC, RLIN)
Topical term or geographic name as entry element ENVIRONMENTAL AND LAND CONSULTANCY-ENERGY
942 ## - ADDED ENTRY ELEMENTS (KOHA)
Suppress in OPAC 0
948 ## - LOCAL PROCESSING INFORMATION (OCLC); SERIES PART DESIGNATOR (RLIN)
c (OCLC) 04/03/1997
Holdings
Withdrawn status Lost status Source of classification or shelving scheme Damaged status Not for loan Home library Current library Shelving location Date acquired Total Checkouts Full call number Barcode Date last seen Copy number Price effective from Koha item type
    Dewey Decimal Classification     London London News article 14/09/1999   WB3101-24 61449-1001 06/08/2019 1 06/08/2019 News article